000 00594nam a2200169 i 4500
001 94918
003 ES-MaACL
005 20230906181602.0
007 t|
008 050518s1908 fr ||||1| fre d
100 1 _aLuff, Arthur P.
_974646
245 1 3 _aLa goutte
_b: pathologie, formes, diagnostic et traitement d'après les "Goulstonian lectures"... /
_cpar le docteur Arthur P. Luff; traduit de la 3ª ed. anglaise par le docteur A. Françon.
260 _aParis :
_bA. Maloine,
_c1908.
300 _a311 p., 3 h. ;
_c22 cm.
700 1 _aFrançon, A.
_952282
852 _aES-MaACL
_jB-11405
999 _c94918
_d94918